<?xml version="1.0" encoding="UTF-8"?>
<collection xmlns="http://www.loc.gov/MARC21/slim">
 <record>
  <leader>00522nam a22001455a 4500</leader>
  <controlfield tag="001">EUN.um054336</controlfield>
  <controlfield tag="003">AR-BaUNS</controlfield>
  <controlfield tag="005">20050623122920.0</controlfield>
  <controlfield tag="008">041125s1982####ag############000#0#spa#d</controlfield>
  <datafield tag="245" ind1="1" ind2="0">
   <subfield code="a">Seminario de historia del Chaco /</subfield>
   <subfield code="c">Seminario de historia del Chaco. 1.</subfield>
  </datafield>
  <datafield tag="260" ind1=" " ind2=" ">
   <subfield code="a">Salta :</subfield>
   <subfield code="b">Universidad católica, Facultad de artes y ciencias,</subfield>
   <subfield code="c">1982.</subfield>
  </datafield>
  <datafield tag="300" ind1=" " ind2=" ">
   <subfield code="a">408 p.</subfield>
  </datafield>
  <datafield tag="082" ind1="0" ind2="4">
   <subfield code="a">982.3</subfield>
  </datafield>
  <datafield tag="110" ind1="2" ind2=" ">
   <subfield code="a">Seminario de historia del Chaco. 1.</subfield>
   <subfield code="c">Salta, junio 1982.</subfield>
  </datafield>
  <datafield tag="859" ind1=" " ind2=" ">
   <subfield code="a">Ar-BaUNS</subfield>
   <subfield code="b">BIB. CENTRAL - Sector C</subfield>
   <subfield code="h">982.3</subfield>
   <subfield code="i">Se52</subfield>
   <subfield code="p">90776/983</subfield>
   <subfield code="v">v.1</subfield>
  </datafield>
 </record>
</collection>
